[Event "V. Dvorkovich Cup 2015 juniors"]
[Site "Moscow"]
[Date "2015.06.29"]
[Round "6.14"]
[White "Dai CHN, Changren"]
[Black "Tokranovs LAT, Dmitrijs"]
[Result "1/2-1/2"]
[LiveChessVersion "1.4.4"]
[BlackElo "2192"]
[WhiteElo "2295"]

1. e4 {[%clk 1:30:56]} d5 {[%clk 1:30:46]} 2. exd5 {[%clk 1:31:19]} Nf6
{[%clk 1:31:13]} 3. d4 {[%clk 1:31:37]} Nxd5 {[%clk 1:31:38]} 4. Nf3
{[%clk 1:32:04]} g6 {[%clk 1:31:51]} 5. c4 {[%clk 1:32:14]} Nb6 {[%clk 1:32:16]}
6. Nc3 {[%clk 1:32:40]} Bg7 {[%clk 1:32:23]} 7. c5 {[%clk 1:32:54]} Nd5
{[%clk 1:32:49]} 8. Bc4 {[%clk 1:33:20]} c6 {[%clk 1:33:13]} 9. O-O
{[%clk 1:33:22]} Be6 {[%clk 1:31:49]} 10. Qb3 {[%clk 1:33:42]} Nxc3
{[%clk 1:31:21]} 11. bxc3 {[%clk 1:32:42]} Bxc4 {[%clk 1:31:33]} 12. Qxc4
{[%clk 1:33:05]} O-O {[%clk 1:30:48]} 13. Bf4 {[%clk 1:31:17]} Nd7
{[%clk 1:28:53]} 14. Rab1 {[%clk 1:23:19]} b6 {[%clk 1:23:19]} 15. Rfe1
{[%clk 1:07:01]} bxc5 {[%clk 1:11:49]} 16. Rb7 {[%clk 1:06:58]} cxd4
{[%clk 1:09:45]} 17. Qxc6 {[%clk 1:03:08]} Nb6 {[%clk 1:08:17]} 18. cxd4
{[%clk 1:00:18]} Qd5 {[%clk 1:05:17]} 19. Rxb6 {[%clk 0:59:34]} Qf5
{[%clk 1:05:41]} 20. Rb7 {[%clk 0:56:30]} Qxf4 {[%clk 1:06:05]} 21. Rbxe7
{[%clk 0:56:35]} Rad8 {[%clk 1:00:12]} 22. g3 {[%clk 0:51:35]} Qf5
{[%clk 0:55:51]} 23. Qe4 {[%clk 0:49:59]} Qa5 {[%clk 0:55:46]} 24. Re2
{[%clk 0:50:14]} Qa4 {[%clk 0:48:31]} 25. Qc2 {[%clk 0:44:06]} Qa3
{[%clk 0:41:47]} 26. R2e3 {[%clk 0:37:03]} Qa6 {[%clk 0:30:12]} 27. R3e4
{[%clk 0:30:49]} Qa3 {[%clk 0:23:19]} 28. Qe2 {[%clk 0:28:25]} Rb8
{[%clk 0:18:44]} 29. Re3 {[%clk 0:27:05]} Qc1+ {[%clk 0:17:40]} 30. Kg2
{[%clk 0:25:32]} a5 {[%clk 0:15:51]} 31. Qd3 {[%clk 0:20:46]} Rbd8
{[%clk 0:12:43]} 32. Ra7 {[%clk 0:18:03]} Qc6 {[%clk 0:12:58]} 33. Qc3
{[%clk 0:14:57]} Qb6 {[%clk 0:10:47]} 34. Qxa5 {[%clk 0:13:27]} Bxd4
{[%clk 0:10:59]} 35. Nxd4 {[%clk 0:13:25]} Qxd4 {[%clk 0:11:09]} 36. Ree7
{[%clk 0:12:03]} Rd5 {[%clk 0:11:06]} 37. Qa4 {[%clk 0:12:08]} Qd2
{[%clk 0:10:33]} 38. Rad7 {[%clk 0:09:42]} Qd3 {[%clk 0:03:37]} 39. Qc6
{[%clk 0:07:38]} Rxd7 {[%clk 0:01:31]} 40. Rxd7 {[%clk 0:37:32]} Qa3
{[%clk 0:31:51]} 41. Qd5 {[%clk 0:37:37]} Kg7 {[%clk 0:29:23]} 42. g4
{[%clk 0:35:34]} h6 {[%clk 0:28:37]} 43. h4 {[%clk 0:35:25]} Qa6 {[%clk 0:26:31]}
44. Kh2 {[%clk 0:27:25]} Qf6 {[%clk 0:22:25]} 45. Kg3 {[%clk 0:25:52]} Qc3+
{[%clk 0:20:49]} 46. Kg2 {[%clk 0:26:01]} Qa3 {[%clk 0:16:03]} 47. h5
{[%clk 0:21:53]} Qb4 {[%clk 0:14:27]} 48. Qe5+ {[%clk 0:19:50]} Kg8
{[%clk 0:14:47]} 49. f3 {[%clk 0:14:35]} Qa4 {[%clk 0:11:24]} 50. Rd2
{[%clk 0:14:32]} Re8 {[%clk 0:11:05]} 51. Qd5 {[%clk 0:13:57]} g5
{[%clk 0:09:24]} 52. Qd6 {[%clk 0:12:22]} Qb5 {[%clk 0:07:55]} 53. Kf2
{[%clk 0:11:55]} Qb1 {[%clk 0:07:47]} 54. Kg2 {[%clk 0:10:12]} Qb5
{[%clk 0:06:45]} 55. Qd4 {[%clk 0:08:47]} Re1 {[%clk 0:04:31]} 56. Qf2
{[%clk 0:09:14]} Re8 {[%clk 0:03:57]} 57. a3 {[%clk 0:08:15]} Ra8
{[%clk 0:02:32]} 58. Qe3 {[%clk 0:08:12]} Re8 {[%clk 0:02:20]} 59. Qd3
{[%clk 0:08:14]} Qc5 {[%clk 0:01:29]} 60. Rc2 {[%clk 0:05:40]} Qa5
{[%clk 0:01:05]} 61. Qd6 {[%clk 0:04:17]} Qb5 {[%clk 0:00:50]} 62. Qc6
{[%clk 0:02:42]} Re2+ {[%clk 0:00:39]} 63. Kh3 {[%clk 0:03:10]} Qe5
{[%clk 0:00:40]} 64. Qc8+ {[%clk 0:02:25]} Kh7 {[%clk 0:00:44]} 65. Rxe2
{[%clk 0:02:34]} Qxe2 {[%clk 0:01:12]} 1/2-1/2

[Event "V. Dvorkovich Cup 2015 juniors"]
[Site "Moscow"]
[Date "2015.06.29"]
[Round "6.15"]
[White "Golubeva LAT, Marija"]
[Black "Zhang CHN, Jiabao"]
[Result "0-1"]
[LiveChessVersion "1.4.4"]
[BlackElo "2143"]
[WhiteElo "1775"]

1. e4 {[%clk 1:30:58]} c5 {[%clk 1:30:45]} 2. c3 {[%clk 1:31:16]} d5
{[%clk 1:30:49]} 3. exd5 {[%clk 1:31:34]} Qxd5 {[%clk 1:31:13]} 4. d4
{[%clk 1:31:46]} Nc6 {[%clk 1:31:22]} 5. Nf3 {[%clk 1:31:58]} Bf5
{[%clk 1:31:33]} 6. Be2 {[%clk 1:30:48]} cxd4 {[%clk 1:31:14]} 7. cxd4
{[%clk 1:29:55]} Bxb1 {[%clk 1:31:36]} 8. Rxb1 {[%clk 1:30:17]} e6
{[%clk 1:31:58]} 9. O-O {[%clk 1:26:14]} Bd6 {[%clk 1:31:21]} 10. b3
{[%clk 1:22:27]} Nf6 {[%clk 1:30:12]} 11. Re1 {[%clk 1:18:34]} O-O
{[%clk 1:25:03]} 12. Bg5 {[%clk 1:15:25]} Be7 {[%clk 1:13:41]} 13. Bc4
{[%clk 1:11:27]} Qa5 {[%clk 1:13:44]} 14. Ne5 {[%clk 1:09:11]} Rad8
{[%clk 1:12:55]} 15. Bd2 {[%clk 1:00:48]} Qc7 {[%clk 1:10:19]} 16. Nxf7
{[%clk 0:58:55]} Rxf7 {[%clk 1:07:03]} 17. Bxe6 {[%clk 0:59:13]} Rxd4
{[%clk 1:06:50]} 18. Qc2 {[%clk 0:53:03]} Bd6 {[%clk 1:01:19]} 19. h3
{[%clk 0:50:48]} Kf8 {[%clk 0:41:03]} 20. Bxf7 {[%clk 0:50:18]} Qxf7
{[%clk 0:41:20]} 21. Bc3 {[%clk 0:45:45]} Rd5 {[%clk 0:38:46]} 22. Bxf6
{[%clk 0:39:01]} gxf6 {[%clk 0:36:08]} 23. Re4 {[%clk 0:27:04]} Qg6
{[%clk 0:35:07]} 24. Qc4 {[%clk 0:20:02]} Rd4 {[%clk 0:34:29]} 25. Qe6
{[%clk 0:08:12]} Qxe4 {[%clk 0:34:34]} 26. Qxf6+ {[%clk 0:08:04]} Ke8
{[%clk 0:34:46]} 27. Qh8+ {[%clk 0:06:29]} Kf7 {[%clk 0:34:30]} 28. Rc1
{[%clk 0:06:03]} Bf8 {[%clk 0:29:54]} 29. g3 {[%clk 0:04:28]} Qf5
{[%clk 0:25:22]} 30. Kg2 {[%clk 0:04:00]} Rd2 {[%clk 0:24:58]} 0-1

[Event "V. Dvorkovich Cup 2015 juniors"]
[Site "Moscow"]
[Date "2015.06.29"]
[Round "6.16"]
[White "Hu CHN, Yu A."]
[Black "Limanovska LAT, Elizabete"]
[Result "0-1"]
[LiveChessVersion "1.4.4"]
[BlackElo "1978"]
[WhiteElo "1950"]

1. e4 {[%clk 1:30:53]} c5 {[%clk 1:30:55]} 2. Nf3 {[%clk 1:31:08]} d6
{[%clk 1:31:22]} 3. d4 {[%clk 1:31:06]} cxd4 {[%clk 1:31:48]} 4. Nxd4
{[%clk 1:31:26]} Nf6 {[%clk 1:32:12]} 5. Nc3 {[%clk 1:31:45]} a6 {[%clk 1:32:38]}
6. Be3 {[%clk 1:31:49]} e5 {[%clk 1:32:53]} 7. Nb3 {[%clk 1:32:00]} Be6
{[%clk 1:33:17]} 8. f3 {[%clk 1:29:55]} Be7 {[%clk 1:33:28]} 9. Qd2
{[%clk 1:30:04]} Nbd7 {[%clk 1:33:21]} 10. g4 {[%clk 1:29:15]} h6
{[%clk 1:24:07]} 11. O-O-O {[%clk 1:28:21]} b5 {[%clk 1:20:30]} 12. h4
{[%clk 1:24:18]} Nb6 {[%clk 1:08:13]} 13. Qf2 {[%clk 1:23:05]} Nfd7
{[%clk 1:04:26]} 14. Kb1 {[%clk 1:06:59]} Nc4 {[%clk 0:47:12]} 15. Bc1
{[%clk 1:05:29]} Qc7 {[%clk 0:43:19]} 16. Nd5 {[%clk 1:03:37]} Bxd5
{[%clk 0:43:11]} 17. exd5 {[%clk 1:04:01]} Rc8 {[%clk 0:33:40]} 18. Bd3
{[%clk 0:59:48]} a5 {[%clk 0:25:04]} 19. g5 {[%clk 0:53:19]} h5 {[%clk 0:24:05]}
20. f4 {[%clk 0:49:12]} a4 {[%clk 0:17:34]} 21. Nd2 {[%clk 0:49:10]} Qb7
{[%clk 0:17:00]} 22. Rhf1 {[%clk 0:28:22]} Nxd2+ {[%clk 0:07:39]} 23. Rxd2
{[%clk 0:28:15]} Bd8 {[%clk 0:04:57]} 24. Re1 {[%clk 0:11:53]} Ba5
{[%clk 0:03:29]} 25. c3 {[%clk 0:09:21]} b4 {[%clk 0:03:22]} 26. fxe5
{[%clk 0:06:00]} Nxe5 {[%clk 0:03:15]} 27. Qf4 {[%clk 0:05:56]} O-O
{[%clk 0:02:41]} 28. Bf5 {[%clk 0:03:13]} bxc3 {[%clk 0:01:12]} 29. Rc2
{[%clk 0:02:57]} Rc4 {[%clk 0:01:19]} 30. Re4 {[%clk 0:03:02]} Nd3
{[%clk 0:00:52]} 31. Qf3 {[%clk 0:01:59]} Rxe4 {[%clk 0:00:42]} 32. Bxe4
{[%clk 0:02:16]} Ne1 {[%clk 0:00:48]} 33. Qxh5 {[%clk 0:02:42]} g6
{[%clk 0:01:15]} 34. Bxg6 {[%clk 0:03:08]} fxg6 {[%clk 0:01:41]} 35. Qxg6+
{[%clk 0:03:36]} Qg7 {[%clk 0:01:43]} 36. Qe6+ {[%clk 0:04:04]} Kh8
{[%clk 0:01:59]} 37. Qxe1 {[%clk 0:04:28]} cxb2 {[%clk 0:02:12]} 38. Qxa5
{[%clk 0:04:03]} bxc1=Q+ 39. Rxc1 {[%clk 0:04:01]} Rb8+ {[%clk 0:02:07]} 40. Kc2
{[%clk 0:34:29]} Rc8+ {[%clk 0:31:07]} 0-1

[Event "V. Dvorkovich Cup 2015 juniors"]
[Site "Moscow"]
[Date "2015.06.30"]
[Round "7.1"]
[White "Li CHN, Di"]
[Black "Sibashvili GEO, Giorgi"]
[Result "1/2-1/2"]
[LiveChessVersion "1.4.4"]
[BlackElo "2388"]
[WhiteElo "2281"]

1. d4 {[%clk 1:30:37]} d5 {[%clk 1:29:58]} 2. c4 {[%clk 1:30:44]} c6
{[%clk 1:30:21]} 3. cxd5 {[%clk 1:29:21]} cxd5 {[%clk 1:30:25]} 4. Bf4
{[%clk 1:29:45]} Nc6 {[%clk 1:29:54]} 5. e3 {[%clk 1:30:07]} Nf6 {[%clk 1:29:13]}
6. Nc3 {[%clk 1:30:29]} a6 {[%clk 1:29:23]} 7. Bd3 {[%clk 1:30:07]} e6
{[%clk 1:26:47]} 8. Rc1 {[%clk 1:30:27]} Bd6 {[%clk 1:15:17]} 9. Bxd6
{[%clk 1:29:59]} Qxd6 {[%clk 1:15:36]} 10. f4 {[%clk 1:30:18]} b5
{[%clk 0:58:00]} 11. Nf3 {[%clk 1:27:58]} Na5 {[%clk 0:50:55]} 12. O-O
{[%clk 1:22:04]} O-O {[%clk 0:48:35]} 13. Ne5 {[%clk 1:11:07]} Bb7
{[%clk 0:40:28]} 14. Qf3 {[%clk 1:08:42]} Nc4 {[%clk 0:28:21]} 15. Nxc4
{[%clk 0:36:14]} bxc4 {[%clk 0:28:04]} 16. Bxc4 {[%clk 0:34:56]} dxc4
{[%clk 0:27:46]} 17. Qxb7 {[%clk 0:35:22]} Rab8 {[%clk 0:27:38]} 18. Ne4
{[%clk 0:26:42]} Qxd4 {[%clk 0:16:23]} 19. Nxf6+ {[%clk 0:27:07]} gxf6
{[%clk 0:16:11]} 20. Qxf7+ {[%clk 0:25:25]} Kxf7 {[%clk 0:16:00]} 21. exd4
{[%clk 0:25:51]} Rxb2 {[%clk 0:16:10]} 22. Rxc4 {[%clk 0:20:01]} Rxa2
{[%clk 0:16:06]} 23. f5 {[%clk 0:19:04]} exf5 {[%clk 0:14:54]} 24. Rc5
{[%clk 0:19:02]} Rd8 {[%clk 0:09:22]} 25. Rcxf5 {[%clk 0:17:27]} Rd6
{[%clk 0:09:43]} 26. Rd1 {[%clk 0:16:34]} a5 {[%clk 0:04:21]} 27. d5
{[%clk 0:12:06]} Rc2 {[%clk 0:02:36]} 1/2-1/2

[Event "V. Dvorkovich Cup 2015 juniors"]
[Site "Moscow"]
[Date "2015.06.30"]
[Round "7.2"]
[White "Tutisani GEO, Noe"]
[Black "Dai CHN, Changren"]
[Result "0-1"]
[LiveChessVersion "1.4.4"]
[BlackElo "2295"]
[WhiteElo "2300"]

1. e4 {[%clk 1:30:57]} c5 {[%clk 1:30:50]} 2. Nf3 {[%clk 1:31:21]} Nc6
{[%clk 1:31:14]} 3. d4 {[%clk 1:31:48]} cxd4 {[%clk 1:31:37]} 4. Nxd4
{[%clk 1:32:16]} Nf6 {[%clk 1:31:43]} 5. Nc3 {[%clk 1:32:41]} d6 {[%clk 1:32:08]}
6. Bc4 {[%clk 1:32:39]} e6 {[%clk 1:31:30]} 7. Be3 {[%clk 1:33:05]} Be7
{[%clk 1:31:53]} 8. Qe2 {[%clk 1:33:31]} O-O {[%clk 1:32:07]} 9. O-O-O
{[%clk 1:33:57]} a6 {[%clk 1:32:16]} 10. Bb3 {[%clk 1:31:46]} Nxd4
{[%clk 1:32:38]} 11. Bxd4 {[%clk 1:32:10]} b5 {[%clk 1:33:04]} 12. e5
{[%clk 1:28:42]} dxe5 {[%clk 1:33:27]} 13. Qxe5 {[%clk 1:22:31]} Qd6
{[%clk 1:33:49]} 14. Qe3 {[%clk 1:18:10]} Qc7 {[%clk 1:21:47]} 15. f4
{[%clk 1:05:30]} Bb7 {[%clk 1:18:13]} 16. Rhe1 {[%clk 0:59:36]} Rad8
{[%clk 1:15:58]} 17. Kb1 {[%clk 0:32:45]} b4 {[%clk 1:10:51]} 18. Ne2
{[%clk 0:32:06]} Rd7 {[%clk 1:02:48]} 19. Be5 {[%clk 0:23:50]} Rxd1+
{[%clk 1:01:37]} 20. Rxd1 {[%clk 0:24:15]} Ng4 {[%clk 1:01:41]} 21. Bxc7
{[%clk 0:24:17]} Nxe3 {[%clk 1:02:06]} 22. Rd7 {[%clk 0:24:42]} Bc6
{[%clk 0:49:50]} 23. Rxe7 {[%clk 0:23:36]} Nf5 {[%clk 0:50:14]} 24. Rxe6
{[%clk 0:11:01]} fxe6 {[%clk 0:50:38]} 25. Bxe6+ {[%clk 0:11:27]} Kh8
{[%clk 0:50:58]} 26. g4 {[%clk 0:09:04]} Ne3 {[%clk 0:49:52]} 27. Nd4
{[%clk 0:09:22]} Bd5 {[%clk 0:47:28]} 28. Be5 {[%clk 0:07:46]} Bxe6
{[%clk 0:45:25]} 29. Nxe6 {[%clk 0:08:10]} Re8 {[%clk 0:45:46]} 30. Nc7
{[%clk 0:04:25]} Rd8 {[%clk 0:45:21]} 31. a4 {[%clk 0:03:54]} a5 {[%clk 0:43:59]}
32. Ne6 {[%clk 0:02:06]} Rd1+ {[%clk 0:42:15]} 33. Ka2 {[%clk 0:02:36]} Nxg4
{[%clk 0:39:36]} 34. Bxg7+ {[%clk 0:02:03]} Kg8 {[%clk 0:39:18]} 35. h3
{[%clk 0:01:57]} Ne3 {[%clk 0:36:42]} 36. Be5 {[%clk 0:01:47]} Nxc2
{[%clk 0:36:20]} 37. Nc5 {[%clk 0:02:08]} Nd4 {[%clk 0:34:57]} 38. Bc7
{[%clk 0:01:16]} Rc1 {[%clk 0:35:00]} 39. Bb6 {[%clk 0:01:40]} Rc4
{[%clk 0:21:31]} 40. Nb3 {[%clk 0:31:46]} Nxb3 {[%clk 0:51:28]} 41. Kxb3
{[%clk 0:32:08]} Rxf4 {[%clk 0:51:53]} 42. Bxa5 {[%clk 0:32:34]} Kf7
{[%clk 0:52:05]} 43. Bc7 {[%clk 0:32:17]} Re4 {[%clk 0:49:38]} 44. a5
{[%clk 0:31:40]} Ke7 {[%clk 0:49:44]} 45. a6 {[%clk 0:27:36]} Re6
{[%clk 0:50:13]} 46. a7 {[%clk 0:27:55]} Ra6 {[%clk 0:50:41]} 47. Bb6
{[%clk 0:27:14]} Kd7 {[%clk 0:51:06]} 48. Be3 {[%clk 0:25:30]} Kc6
{[%clk 0:51:16]} 49. Kxb4 {[%clk 0:22:17]} Kb7 {[%clk 0:51:39]} 50. Kc3
{[%clk 0:22:30]} Ra4 {[%clk 0:50:00]} 51. b4 {[%clk 0:21:28]} Ra3+
{[%clk 0:50:12]} 52. Kd2 {[%clk 0:19:45]} Rb3 {[%clk 0:50:16]} 53. Bc5
{[%clk 0:19:38]} Rxh3 {[%clk 0:50:37]} 54. Ke2 {[%clk 0:20:04]} Rg3
{[%clk 0:50:53]} 55. Kf2 {[%clk 0:20:29]} Rg4 {[%clk 0:50:57]} 56. Kf3
{[%clk 0:20:36]} h5 {[%clk 0:51:09]} 57. Kf2 {[%clk 0:13:41]} h4 {[%clk 0:51:00]}
58. Kf1 {[%clk 0:09:27]} h3 {[%clk 0:51:23]} 59. Bg1 {[%clk 0:09:47]} Rxb4
{[%clk 0:50:30]} 60. Kf2 {[%clk 0:09:41]} Rg4 {[%clk 0:50:55]} 61. Kf1 0-1

[Event "V. Dvorkovich Cup 2015 juniors"]
[Site "Moscow"]
[Date "2015.06.30"]
[Round "7.3"]
[White "Zhang CHN, Jiabao"]
[Black "Ghvamberia GEO, Nika"]
[Result "1-0"]
[LiveChessVersion "1.4.4"]
[BlackElo "2133"]
[WhiteElo "2143"]

1. e4 {[%clk 1:30:51]} c5 {[%clk 1:30:56]} 2. Nf3 {[%clk 1:30:53]} e6
{[%clk 1:31:23]} 3. d4 {[%clk 1:30:41]} cxd4 {[%clk 1:31:49]} 4. Nxd4
{[%clk 1:31:06]} Nc6 {[%clk 1:32:18]} 5. Nc3 {[%clk 1:30:58]} a6 {[%clk 1:32:27]}
6. Be3 {[%clk 1:30:48]} Nf6 {[%clk 1:32:52]} 7. Qd2 {[%clk 1:30:49]} Bb4
{[%clk 1:33:17]} 8. f3 {[%clk 1:31:14]} d5 {[%clk 1:33:33]} 9. a3
{[%clk 1:20:07]} Be7 {[%clk 1:26:37]} 10. O-O-O {[%clk 1:17:51]} dxe4
{[%clk 1:23:32]} 11. Nxc6 {[%clk 1:17:35]} Qxd2+ {[%clk 1:22:41]} 12. Rxd2
{[%clk 1:17:57]} bxc6 {[%clk 1:23:06]} 13. Nxe4 {[%clk 1:16:58]} Nxe4
{[%clk 1:20:01]} 14. fxe4 {[%clk 1:17:25]} O-O {[%clk 1:08:10]} 15. Bc4
{[%clk 1:13:26]} Rd8 {[%clk 1:07:08]} 16. Rhd1 {[%clk 1:13:31]} Rxd2
{[%clk 1:07:19]} 17. Rxd2 {[%clk 1:13:55]} Kf8 {[%clk 1:06:48]} 18. e5
{[%clk 0:50:45]} f6 {[%clk 1:02:13]} 19. exf6 {[%clk 0:47:53]} gxf6
{[%clk 1:02:21]} 20. Bh6+ {[%clk 0:47:58]} Kf7 {[%clk 1:02:05]} 21. Bd3
{[%clk 0:46:50]} f5 {[%clk 0:52:15]} 22. g4 {[%clk 0:46:27]} Ra7 {[%clk 0:50:33]}
23. gxf5 {[%clk 0:45:27]} exf5 {[%clk 0:51:02]} 24. Be3 {[%clk 0:32:02]} c5
{[%clk 0:47:57]} 25. Be2 {[%clk 0:29:39]} Be6 {[%clk 0:42:21]} 26. Bh5+
{[%clk 0:25:47]} Kf6 {[%clk 0:42:38]} 27. h4 {[%clk 0:23:31]} Bf7
{[%clk 0:36:55]} 28. Bf3 {[%clk 0:19:39]} Be6 {[%clk 0:33:48]} 29. Re2
{[%clk 0:18:53]} Kg7 {[%clk 0:28:57]} 30. b4 {[%clk 0:17:35]} Bc4
{[%clk 0:27:01]} 31. Rg2+ {[%clk 0:18:00]} Kf8 {[%clk 0:27:14]} 32. bxc5
{[%clk 0:17:59]} Rc7 {[%clk 0:26:57]} 33. c6 {[%clk 0:17:52]} Bxa3+
{[%clk 0:27:20]} 34. Kd1 {[%clk 0:18:15]} Bd6 {[%clk 0:25:34]} 35. Rd2
{[%clk 0:18:21]} Be5 {[%clk 0:24:28]} 36. Bb6 {[%clk 0:17:42]} Rg7
{[%clk 0:23:05]} 37. Rd8+ {[%clk 0:16:36]} Ke7 {[%clk 0:23:05]} 38. Rd7+
{[%clk 0:16:46]} Kf6 {[%clk 0:21:48]} 39. Rxg7 {[%clk 0:16:43]} Kxg7
{[%clk 0:22:17]} 40. c7 {[%clk 0:47:07]} Be6 {[%clk 0:52:31]} 41. Bb7
{[%clk 0:47:30]} Bg3 {[%clk 0:51:18]} 42. c8=Q {[%clk 0:46:49]} Bxc8
{[%clk 0:51:43]} 43. Bxc8 {[%clk 0:47:15]} Bxh4 {[%clk 0:51:53]} 44. Bxf5
{[%clk 0:47:34]} Kf7 1-0

[Event "V. Dvorkovich Cup 2015 juniors"]
[Site "Moscow"]
[Date "2015.06.30"]
[Round "7.4"]
[White "Khomeriki GEO, Nino"]
[Black "Hu CHN, Yu A."]
[Result "1-0"]
[LiveChessVersion "1.4.4"]
[BlackElo "1950"]
[WhiteElo "2244"]

1. d4 {[%clk 1:30:47]} Nf6 {[%clk 1:30:45]} 2. Nf3 {[%clk 1:31:11]} g6
{[%clk 1:31:00]} 3. Nbd2 {[%clk 1:31:32]} d5 {[%clk 1:30:43]} 4. b4
{[%clk 1:31:53]} Bg7 {[%clk 1:30:23]} 5. e3 {[%clk 1:32:17]} Bf5 {[%clk 1:29:26]}
6. Be2 {[%clk 1:32:28]} O-O {[%clk 1:27:51]} 7. c4 {[%clk 1:32:40]} dxc4
{[%clk 1:25:45]} 8. Nxc4 {[%clk 1:30:03]} Ne4 {[%clk 1:12:17]} 9. Bb2
{[%clk 1:29:46]} Nd7 {[%clk 1:12:15]} 10. O-O {[%clk 1:29:11]} c6
{[%clk 1:03:07]} 11. Nh4 {[%clk 1:20:44]} Be6 {[%clk 1:02:23]} 12. Qc2
{[%clk 1:19:59]} Nd6 {[%clk 0:52:16]} 13. Ne5 {[%clk 1:18:27]} a5
{[%clk 0:48:03]} 14. a3 {[%clk 1:14:45]} Qb6 {[%clk 0:46:09]} 15. Nxd7
{[%clk 1:10:49]} Bxd7 {[%clk 0:46:31]} 16. Qc5 {[%clk 1:11:11]} Qd8
{[%clk 0:34:47]} 17. Nf3 {[%clk 1:10:51]} Bf5 {[%clk 0:28:22]} 18. Nd2
{[%clk 1:03:15]} b6 {[%clk 0:23:23]} 19. Qc1 {[%clk 0:59:55]} Rc8
{[%clk 0:22:41]} 20. bxa5 {[%clk 1:00:01]} c5 {[%clk 0:22:46]} 21. d5
{[%clk 0:56:36]} Bxb2 {[%clk 0:14:02]} 22. Qxb2 {[%clk 0:57:01]} b5
{[%clk 0:14:16]} 23. Nb3 {[%clk 0:49:38]} Be4 {[%clk 0:08:09]} 24. Rfc1
{[%clk 0:44:55]} c4 {[%clk 0:07:27]} 25. Nd4 {[%clk 0:44:59]} Qxa5
{[%clk 0:06:26]} 26. Nc6 {[%clk 0:44:37]} Qc7 {[%clk 0:06:04]} 27. Qe5
{[%clk 0:42:44]} e6 {[%clk 0:06:24]} 28. Rd1 {[%clk 0:42:02]} Rfe8
{[%clk 0:06:43]} 29. Nb4 {[%clk 0:38:23]} exd5 {[%clk 0:04:44]} 30. Qc3
{[%clk 0:38:05]} Qc5 {[%clk 0:04:03]} 31. Bf3 {[%clk 0:36:42]} Bxf3
{[%clk 0:02:24]} 32. gxf3 {[%clk 0:37:02]} d4 {[%clk 0:02:40]} 33. Rxd4
{[%clk 0:37:06]} Qg5+ {[%clk 0:03:01]} 34. Kh1 {[%clk 0:34:07]} Nf5
{[%clk 0:02:19]} 35. Rg4 {[%clk 0:32:15]} Qh5 {[%clk 0:02:02]} 36. e4
{[%clk 0:27:07]} Ne7 {[%clk 0:02:23]} 37. Qf6 {[%clk 0:27:31]} Rc5
{[%clk 0:02:31]} 38. Rf4 {[%clk 0:27:16]} g5 {[%clk 0:02:48]} 39. Rg1
{[%clk 0:26:48]} Qg6 {[%clk 0:00:59]} 40. Qd4 {[%clk 0:54:43]} Rec8
{[%clk 0:31:20]} 41. Rf6 {[%clk 0:50:59]} Qh5 {[%clk 0:25:47]} 42. Qd7
{[%clk 0:46:04]} R8c7 {[%clk 0:23:47]} 43. Qd8+ {[%clk 0:43:49]} Kg7
{[%clk 0:24:15]} 44. Qd4 {[%clk 0:43:52]} Kg8 {[%clk 0:23:57]} 45. Nd5
{[%clk 0:39:39]} Nxd5 {[%clk 0:19:50]} 46. exd5 {[%clk 0:39:59]} c3
{[%clk 0:19:59]} 47. d6 {[%clk 0:38:13]} c2 {[%clk 0:20:14]} 48. d7
{[%clk 0:38:28]} Rxd7 {[%clk 0:18:29]} 49. Qxc5 {[%clk 0:38:52]} 1-0

[Event "V. Dvorkovich Cup 2015 juniors"]
[Site "Moscow"]
[Date "2015.06.30"]
[Round "7.5"]
[White "Shahaliyev AZE, Ismayil"]
[Black "Beks LAT, Edmunds"]
[Result "1/2-1/2"]
[LiveChessVersion "1.4.4"]
[BlackElo "2043"]
[WhiteElo "2368"]

1. e4 {[%clk 1:30:57]} e5 {[%clk 1:30:58]} 2. Bc4 {[%clk 1:30:32]} Nf6
{[%clk 1:31:19]} 3. d3 {[%clk 1:30:49]} c6 {[%clk 1:30:50]} 4. Nf3
{[%clk 1:31:07]} d5 5. Bb3 {[%clk 1:31:30]} Bd6 {[%clk 1:27:49]} 6. exd5
{[%clk 1:26:15]} cxd5 {[%clk 1:28:14]} 7. O-O {[%clk 1:26:23]} O-O
{[%clk 1:25:48]} 8. Bg5 {[%clk 1:26:33]} e4 {[%clk 1:23:16]} 9. Nd4
{[%clk 1:15:10]} Be5 {[%clk 1:21:13]} 10. c3 {[%clk 1:15:00]} Qd6
{[%clk 1:06:46]} 11. h3 {[%clk 1:14:49]} Nc6 {[%clk 0:52:44]} 12. Nxc6
{[%clk 1:12:49]} Qxc6 {[%clk 0:49:46]} 13. dxe4 {[%clk 1:03:58]} dxe4
{[%clk 0:49:00]} 14. Nd2 {[%clk 1:03:13]} Bf5 {[%clk 0:44:17]} 15. Qe2
{[%clk 1:01:35]} Rfe8 {[%clk 0:40:59]} 16. Qc4 {[%clk 0:59:40]} Qxc4
{[%clk 0:36:52]} 17. Nxc4 {[%clk 1:00:01]} Nd7 {[%clk 0:30:08]} 18. Ba4
{[%clk 0:50:34]} f6 {[%clk 0:29:19]} 19. Nxe5 {[%clk 0:46:38]} Rxe5
{[%clk 0:29:35]} 20. Bf4 {[%clk 0:45:43]} Ra5 {[%clk 0:28:12]} 21. Bb3+
{[%clk 0:45:39]} Kh8 {[%clk 0:26:41]} 22. Bc7 {[%clk 0:40:36]} b6
{[%clk 0:26:05]} 23. Bc2 {[%clk 0:22:42]} Rc8 {[%clk 0:18:43]} 24. Bh2
{[%clk 0:22:55]} Rb5 {[%clk 0:14:57]} 25. Rab1 {[%clk 0:21:46]} Ne5
{[%clk 0:14:44]} 26. Bxe5 {[%clk 0:17:24]} Rxe5 {[%clk 0:15:02]} 27. Rbd1
{[%clk 0:17:45]} Rce8 {[%clk 0:13:10]} 28. Bb3 {[%clk 0:16:10]} Be6
{[%clk 0:10:57]} 29. Bxe6 {[%clk 0:15:36]} R5xe6 {[%clk 0:11:22]} 30. Rd7
{[%clk 0:15:55]} R6e7 {[%clk 0:11:46]} 31. Rfd1 {[%clk 0:16:15]} Kg8
{[%clk 0:12:08]} 32. Kf1 {[%clk 0:15:37]} Kf7 {[%clk 0:12:01]} 33. Ke2
{[%clk 0:14:59]} f5 {[%clk 0:10:24]} 34. Ke3 {[%clk 0:13:11]} g5 {[%clk 0:10:09]}
35. g3 {[%clk 0:12:45]} h5 {[%clk 0:06:06]} 36. h4 {[%clk 0:07:24]} gxh4
{[%clk 0:04:31]} 37. gxh4 {[%clk 0:07:49]} Rg8 {[%clk 0:02:09]} 38. R1d5
{[%clk 0:08:04]} Rxd7 39. Rxd7+ {[%clk 0:08:30]} Ke6 {[%clk 0:01:57]} 40. Rxa7
Rg4 {[%clk 0:31:13]} 41. Rb7 {[%clk 0:32:04]} Rxh4 {[%clk 0:31:32]} 42. Rxb6+
{[%clk 0:32:26]} Ke5 {[%clk 0:30:51]} 43. Rb5+ {[%clk 0:28:31]} Kf6
{[%clk 0:30:42]} 44. a4 {[%clk 0:26:19]} Rh3+ {[%clk 0:30:28]} 45. Ke2
{[%clk 0:26:27]} h4 {[%clk 0:22:43]} 46. a5 {[%clk 0:19:30]} Rh1 {[%clk 0:19:21]}
47. Rb8 {[%clk 0:13:38]} Kg7 {[%clk 0:14:02]} 48. Rb7+ {[%clk 0:10:04]} Kg6
{[%clk 0:14:18]} 49. Rb8 {[%clk 0:08:24]} Kg7 {[%clk 0:14:36]} 50. Rb7+
{[%clk 0:08:12]} 1/2-1/2